Πειθαρχικός κώδιξ : υπαλλήλων δημοσίου, νομικών προσώπων δημοσ. δικαίου, οργανισμών τοπικής αυτοδιοικήσεως
Αποθηκεύτηκε σε:
| Κύριος συγγραφέας: | |
|---|---|
| Μορφή: | Βιβλίο |
| Γλώσσα: | Greek |
| Δημοσίευση: |
Αθήναι :
[χ.ό.],
1979
|
| Θέματα: | |
| Ετικέτες: |
Προσθήκη ετικέτας
Δεν υπάρχουν, Καταχωρήστε ετικέτα πρώτοι!
|
MARC
| LEADER | 00000cam a2200000 i 4500 | ||
|---|---|---|---|
| 001 | 1/22874 | ||
| 008 | 060126s1979 gre d | ||
| 035 | |l 10082269 | ||
| 040 | |a GR-MY-UA |b gre |e aacr | ||
| 041 | 0 | |a gre | |
| 082 | 0 | |a 343.0962 |2 (22) | |
| 100 | 1 | |a Χιώλος, Κωνσταντίνος Β. |d (1936- ) | |
| 245 | 1 | 0 | |a Πειθαρχικός κώδιξ : |b υπαλλήλων δημοσίου, νομικών προσώπων δημοσ. δικαίου, οργανισμών τοπικής αυτοδιοικήσεως / |c Κωνστ. Β. Χιώλου |
| 260 | |a Αθήναι : |b [χ.ό.], |c 1979 | ||
| 300 | |a 135 σ.; |c 18 εκ. | ||
| 504 | |a Περιέχει ευρετήριο | ||
| 650 | 0 | 0 | |a Labor discipline |x Law and legislation |z Greece |x Codification. |
| 651 | 0 | |a Greece |x Officials and employees |x Codification. | |
| 852 | |a INST |b RHODES |c KRI |e 20060126 |h 343.0962 ΧΙΩ |p 005400028601 |q 005400028601 |t BK |y 0 | ||
| 901 | |a BIBL4-2006-1 | ||
| 909 | |a Ρ |b 122813 | ||
| 970 | |a ΣΙΔΕΡΗ |b ΝΕΚΤΑΡΙΑ |z 2006/01/26 | ||